Goodness gracious me! / (Record no. 111536)
[ view plain ]
| 000 -LEADER | |
|---|---|
| fixed length control field | 00666nam a2200181 a 4500 |
| 001 - CONTROL NUMBER | |
| control field | 0649 |
| 005 - DATE AND TIME OF LATEST TRANSACTION | |
| control field | 20140414131917.0 |
| 008 - FIXED-LENGTH DATA ELEMENTS--GENERAL INFORMATION | |
| fixed length control field | 040202s19uu xx 00 eng d |
| 020 ## - INTERNATIONAL STANDARD BOOK NUMBER | |
| International Standard Book Number | 0-02-178753-0 |
| 050 ## - LIBRARY OF CONGRESS CALL NUMBER | |
| Classification number | ER |
| Item number | G59 1993 |
| 100 ## - MAIN ENTRY--PERSONAL NAME | |
| Personal name | Aoki, Elaine |
| 245 ## - TITLE STATEMENT | |
| Title | Goodness gracious me! / |
| Statement of responsibility, etc | Elaine Mei Aoki, et al. |
| 260 ## - PUBLICATION, DISTRIBUTION, ETC. (IMPRINT) | |
| Place of publication, distribution, etc | New York : |
| Name of publisher, distributor, etc | Macmillan, |
| Date of publication, distribution, etc | 1993. |
| 300 ## - PHYSICAL DESCRIPTION | |
| Extent | 143 p. ; cm. |
| 500 ## - GENERAL NOTE | |
| General note | Contents: Coco Can't Wait--The Folk Who Live In Backward Town--I Need Lunch Box--Robert, Who is Often a Stranger to Himself--Hattie and the Fox--The Story of Chicken Licken--Something Big has been Here. |
| 650 ## - SUBJECT ADDED ENTRY--TOPICAL TERM | |
| Topical term or geographic name as entry element | Collection of stories. |
| Withdrawn status | Lost status | Damaged status | Home library | Current library | Shelving location | Date acquired | Source of acquisition | Total Checkouts | Full call number | Barcode | Date last seen | Price effective from | Koha item type |
|---|---|---|---|---|---|---|---|---|---|---|---|---|---|
| Munich Library | Munich Library | Easy Reading Section | 02/02/2004 | ER G59 1993 | M2303 | 04/14/2014 | 04/14/2014 | Books |